00246nam a2200097Ia 4500008004100000082000800041100001400049245006400063942000600127999001500133240331s9999 xx 000 0 und d bPER aPerera, J 0aNew dimensions of social stratificationb in rural Sri Lanka cL c1961d1961